[Event "SUI-ch Blitz"]
[Site "Biel"]
[Date "2023.07.29"]
[Round "1"]
[White "Sutter, Oliver"]
[Black "Fecker, Jan"]
[Result "1-0"]
[WhiteElo "2313"]
[BlackElo "1942"]
[PlyCount "59"]
[EventDate "2023.07.29"]
[EventType "swiss (blitz)"]
[EventRounds "13"]
[EventCountry "SUI"]
[SourceTitle "CBM 215 Extra"]
[Source "ChessBase"]
[SourceDate "2023.09.30"]
[SourceVersion "1"]
[SourceVersionDate "2023.09.30"]
[SourceQuality "1"]

1. d4 Nf6 2. c4 c5 3. d5 b5 4. cxb5 a6 5. Nc3 axb5 6. e4 b4 7. Nb5 d6 8. a4 bxa3 9. Rxa3 Rxa3 10. Nxa3 g6 11. Nf3 Bg7 12. Bb5+ Bd7 13. Qe2 0-0 14. 0-0 Qb6 15. Bd3 Ng4 16. Nc4 Qc7 17. h3 Nf6 18. Bd2 Bc8 19. Bc3 Nbd7 20. Ra1 Bb7 21. Ba5 Qc8 22. Ra3 Nh5 23. Qd2 h6 24. Bc3 Bxc3 25. bxc3 Ng7 26. Qxh6 Qc7 27. Ne3 Ra8 28. Rxa8+ Bxa8 29. Ng4 Nf6 30. Ng5 1-0

[Event "FIDE World Uni Blitz-C 1st"]
[Site "Tornelo INT"]
[Date "2021.03.13"]
[Round "9.23"]
[White "Kubicka, Anna"]
[Black "Fecker, Jan"]
[Result "1-0"]
[WhiteElo "2235"]
[BlackElo "1932"]
[PlyCount "75"]
[EventDate "2021.03.13"]
[EventType "swiss (blitz)"]
[EventRounds "10"]
[EventCountry "NET"]
[SourceTitle "EXT 2022"]
[Source "ChessBase"]
[SourceDate "2021.10.06"]
[SourceVersion "1"]
[SourceVersionDate "2021.10.06"]
[SourceQuality "1"]

1. e4 c5 2. Ne2 e6 3. g3 Nc6 4. Bg2 Nf6 5. 0-0 Be7 6. c3 0-0 7. d4 cxd4 8. cxd4 d6 9. Nbc3 a6 10. h3 Qc7 11. Be3 b5 12. Rc1 Qd7 13. Qd2 Bb7 14. Kh2 Rfd8 15. f4 Rac8 16. b3 h6 17. d5 exd5 18. exd5 Nb4 19. a3 Nbxd5 20. Nxd5 Bxd5 21. Bxd5 Nxd5 22. Qxd5 Bf6 23. Bd4 Bxd4 24. Nxd4 Re8 25. Rxc8 Rxc8 26. Rf2 Rc1 27. Nf5 Qe8 28. Nxd6 Qe1 29. Qxf7+ Kh8 30. Qe8+ Qxe8 31. Nxe8 Rc3 32. Rb2 Rc6 33. a4 Kg8 34. axb5 axb5 35. Kg2 Kf7 36. Re2 Rc3 37. Nd6+ Kf6 38. Ne4+ 1-0

[Event "Innsbruck op 4th"]
[Site "Innsbruck"]
[Date "2020.08.25"]
[Round "5"]
[White "Bischofberger, Dario"]
[Black "Fecker, Jan"]
[Result "1/2-1/2"]
[WhiteElo "2161"]
[BlackElo "1922"]
[PlyCount "33"]
[EventDate "2020.08.22"]
[EventType "swiss"]
[EventRounds "9"]
[EventCountry "AUT"]
[SourceTitle "CBM 198 Extra"]
[Source "ChessBase"]
[SourceDate "2020.11.30"]
[SourceVersion "1"]
[SourceVersionDate "2020.11.30"]
[SourceQuality "1"]

1. Nf3 c5 2. b3 Nc6 3. Bb2 Nf6 4. e3 e6 5. d4 d5 6. Bd3 Bd6 7. 0-0 0-0 8. Nbd2 Nb4 9. Be2 b6 10. c4 Bb7 11. a3 Nc6 12. cxd5 exd5 13. Qc2 Rc8 14. Qf5 Ne7 15. Qd3 Ng6 16. Rac1 Qe7 17. dxc5 1/2-1/2

[Event "Biel HTO 53rd"]
[Site "Biel"]
[Date "2020.07.28"]
[Round "8"]
[White "Smeets, Kobe"]
[Black "Fecker, Jan"]
[Result "1/2-1/2"]
[WhiteElo "1755"]
[BlackElo "1898"]
[PlyCount "86"]
[EventDate "2020.07.20"]
[EventType "swiss"]
[EventRounds "9"]
[EventCountry "SUI"]
[SourceTitle "CBM 197"]
[Source "ChessBase"]
[SourceDate "2020.07.27"]
[SourceVersion "1"]
[SourceVersionDate "2020.07.27"]
[SourceQuality "1"]

1. e4 c5 2. Nf3 e6 3. d4 cxd4 4. Nxd4 Nc6 5. Nc3 Qc7 6. g3 a6 7. Bg2 h5 8. Be3 Nf6 9. 0-0 Ng4 10. Qf3 Nce5 11. Qe2 Nxe3 12. Qxe3 Bc5 13. Nce2 Qb6 14. Qc3 h4 15. Nxe6 dxe6 16. Qxe5 f6 17. Qc3 e5 18. Rad1 Be6 19. a3 Rc8 20. Qd2 Kf7 21. b4 Be7 22. c3 a5 23. Rfe1 Bb3 24. Rb1 a4 25. Nc1 Rhd8 26. Qe2 Rxc3 27. Nxb3 axb3 28. Qh5+ Kf8 29. Qxh4 Rd2 30. Qh8+ Kf7 31. Qh5+ Kf8 32. Qh8+ Kf7 33. Qh5+ Kg8 34. Rf1 b2 35. Qe8+ Bf8 36. Bh3 Rc6 37. Bf5 g5 38. Qg6+ Bg7 39. Rbd1 Rdd6 40. Qe8+ Bf8 41. h4 Qc7 42. Rxd6 Qxd6 43. Qg6+ Bg7 1/2-1/2

[Event "Biel HTO 53rd"]
[Site "Biel"]
[Date "2020.07.21"]
[Round "2"]
[White "Adrian, Claude"]
[Black "Fecker, Jan"]
[Result "1-0"]
[WhiteElo "2246"]
[BlackElo "1898"]
[PlyCount "71"]
[EventDate "2020.07.20"]
[EventType "swiss"]
[EventRounds "9"]
[EventCountry "SUI"]
[SourceTitle "CBM 197"]
[Source "ChessBase"]
[SourceDate "2020.07.27"]
[SourceVersion "1"]
[SourceVersionDate "2020.07.27"]
[SourceQuality "1"]

1. Nf3 c5 2. c4 Nc6 3. Nc3 e5 4. e3 Nf6 5. d4 cxd4 6. exd4 e4 7. Nd2 Bb4 8. a3 Bxc3 9. bxc3 0-0 10. Be2 Re8 11. 0-0 b6 12. c5 bxc5 13. dxc5 Qa5 14. Nc4 Qxc5 15. Be3 Qd5 16. Qa4 Ne5 17. Rfd1 Qc6 18. Qxc6 dxc6 19. Nd6 Rf8 20. Bd4 Ned7 21. Bc4 h6 22. h3 Nd5 23. Nxe4 N7b6 24. Bf1 Be6 25. a4 Ne7 26. Bc5 Rfe8 27. Nd6 Reb8 28. Rdb1 Nf5 29. a5 Nd7 30. Rxb8+ Nxb8 31. Ne8 Na6 32. Bxa6 Rxe8 33. Bb7 Rb8 34. a6 Bc4 35. Bxa7 Rd8 36. Bb6 1-0

[Event "Arco op 41st"]
[Site "Arco"]
[Date "2019.10.10"]
[Round "7"]
[White "Fecker, Jan"]
[Black "Huemmer, Bernd"]
[Result "0-1"]
[WhiteElo "1897"]
[BlackElo "2150"]
[PlyCount "58"]
[EventDate "2019.10.04"]
[EventType "swiss"]
[EventRounds "9"]
[EventCountry "ITA"]
[SourceTitle "EXT 2020"]
[Source "ChessBase"]
[SourceDate "2019.10.17"]
[SourceVersion "1"]
[SourceVersionDate "2019.10.17"]
[SourceQuality "1"]

1. d4 Nf6 2. Bf4 Nh5 3. Bg5 h6 4. Bh4 g5 5. e4 Nf6 6. e5 Nd5 7. Bg3 d6 8. c4 Nf4 9. exd6 Qxd6 10. Nc3 Bg7 11. Nge2 Bf5 12. a3 Nd3+ 13. Qxd3 Bxd3 14. Bxd6 exd6 15. b3 Bc2 16. b4 Nc6 17. Rc1 Bg6 18. d5 Ne5 19. Ng3 0-0-0 20. Kd2 h5 21. Nge4 g4 22. Kc2 Bh6 23. Rd1 Rde8 24. Re1 Re7 25. Bd3 Rhe8 26. Re2 Bg7 27. Rhe1 Nxd3 28. Nxd6+ cxd6 29. Rxe7 Nxe1+ 0-1

[Event "Arco op 41st"]
[Site "Arco"]
[Date "2019.10.09"]
[Round "6"]
[White "Lang, Alexander"]
[Black "Fecker, Jan"]
[Result "0-1"]
[WhiteElo "2032"]
[BlackElo "1897"]
[PlyCount "80"]
[EventDate "2019.10.04"]
[EventType "swiss"]
[EventRounds "9"]
[EventCountry "ITA"]
[SourceTitle "EXT 2020"]
[Source "ChessBase"]
[SourceDate "2019.10.17"]
[SourceVersion "1"]
[SourceVersionDate "2019.10.17"]
[SourceQuality "1"]

1. d4 Nf6 2. c4 c5 3. d5 b5 4. cxb5 a6 5. bxa6 Bxa6 6. Nc3 g6 7. g3 d6 8. Bg2 Bg7 9. Nf3 Nbd7 10. Rb1 Qb6 11. 0-0 0-0 12. Qc2 Rfb8 13. Re1 Bc4 14. b3 Bxd5 15. Nxd5 Nxd5 16. Qd2 e6 17. e4 Bc3 18. Qe2 Nb4 19. a3 Bxe1 20. Nxe1 Nc6 21. Qg4 Nde5 22. Qh4 Nd7 23. Qh6 Nd4 24. e5 d5 25. Bg5 Nf5 26. Qh3 Nxe5 27. g4 Nd4 28. Qh6 Nxg4 29. Qh3 h5 30. Bf3 Nxf3+ 31. Qxf3 Qd6 32. Bf4 e5 33. Bg3 Qe6 34. h3 Nf6 35. Bh4 Ne4 36. Qe3 Qf5 37. Rb2 Rxa3 38. f3 Nf6 39. Nc2 d4 40. Qe1 Raxb3 0-1

[Event "Zuoz Engiadina op 24th"]
[Site "Zuoz"]
[Date "2017.10.14"]
[Round "7"]
[White "Fecker, Jan"]
[Black "Simon, Ralf Axel"]
[Result "0-1"]
[WhiteElo "1804"]
[BlackElo "2214"]
[PlyCount "112"]
[EventDate "2017.10.07"]
[EventType "swiss"]
[EventRounds "7"]
[EventCountry "SUI"]
[SourceTitle "CBM 181 Extra"]
[Source "ChessBase"]
[SourceDate "2017.12.12"]
[SourceVersion "1"]
[SourceVersionDate "2017.12.12"]
[SourceQuality "1"]

1. e4 c5 2. d3 d5 3. exd5 Nf6 4. g3 Qxd5 5. Nf3 Bg4 6. Bg2 Qe6+ 7. Kf1 Bh3 8. Ng5 Bxg2+ 9. Kxg2 Qc6+ 10. Nf3 e6 11. Re1 Be7 12. Kg1 Nbd7 13. Nc3 0-0 14. Bf4 Rad8 15. Qe2 Rfe8 16. Rad1 Qb6 17. Na4 Qb5 18. b3 Nd5 19. Bc1 Qa6 20. c4 Nb4 21. d4 cxd4 22. Nxd4 Nc5 23. Nc3 Nbd3 24. Ndb5 Nxe1 25. Rxe1 Nd3 26. Nc7 Qa5 27. Nxe8 Nxe1 28. Qxe1 Bb4 29. Bb2 Rxe8 30. Qa1 Ba3 31. Bxa3 Qxa3 32. Nb5 Qa5 33. a3 Rd8 34. b4 Qa4 35. Qe5 a6 36. Nc3 Qb3 37. Qc7 Rf8 38. Qe5 Qxc4 39. Ne4 f6 40. Qf4 Qc6 41. h3 Rd8 42. g4 e5 43. Qf5 Rd4 44. Ng3 Rd1+ 45. Kh2 g6 46. Qe4 Qxe4 47. Nxe4 Kf7 48. Nc5 Ra1 49. Nxb7 Rxa3 50. Nc5 Ke7 51. Kg2 f5 52. f3 Ra2+ 53. Kg1 Kd6 54. Nd3 Kd5 55. b5 Ra1+ 56. Kf2 axb5 0-1